000 00713nam a2200229 a 4500
005 20230708063542.0
008 991125s1985 mx 000 0 spa u
020 _a9682902193
035 _aUPN01000008892
049 _aCG
050 4 _aLB1050
_bL4.6
100 1 _aLeón, Patricia
_937152
245 1 0 _aCómo aprendemos a leer y a escribir /
_cPatricia León, Oscar Muñoz.
260 _aMéxico :
_bCONAFE,
_c1985.
300 _a71 p. :
_bil.
440 0 _aGuías de orientación y trabajo ;
_v3
650 4 _aAprendizaje de la lectoescritura
_91535
650 4 _aExpresión oral
_91525
650 2 _aExpresión escrita
_91524
700 1 _aMuñoz González, Oscar Francisco,
_ecoaut.
_929693
905 _aLibro
999 _c8892
_d8892